000 01065nam a2200277Ia 4500
003 OSt
005 20220923211528.0
006 a|||||r|||| 00| 0
007 ta
008 220922b |||||||| |||| 00| 0 san d
020 _a9789381484043 (hbk)
_c600
024 _a261,353
037 _b413, 28/01/2012, Eastern Book Linkers
_cTextual
040 _aARTS
_cARTS
_bsan
041 _2san
_asan
082 _aQ28:223, 152Q2
100 _aखण्डेलवाल, एस. एन., अनु.
_9160700
245 0 _aश्री साम्बपुराणम्
246 _aShrī sāmbapurāṇam
260 _aवाराणसी
_b चौखम्बा सुरभारती प्रकाशन
_c2012
300 _a405पृ0
_ccm.
490 _aचौखम्बा सुरभारती ग्रन्थमाला; 524
650 _aधर्म
942 _hQ28:223, 152Q2
_cTEXL
_2CC
999 _c300466
_d300466